[Event "Feffernitz op 28th"]
[Site "Feffernitz"]
[Date "2019.08.19"]
[Round "3"]
[White "Koller, Hans Juergen"]
[Black "Oberbichler, Robert"]
[Result "1-0"]
[WhiteElo "2163"]
[BlackElo "1885"]
[PlyCount "57"]
[EventDate "2019.08.18"]
[EventType "swiss"]
[EventRounds "9"]
[EventCountry "AUT"]
[SourceTitle "EXT 2020"]
[Source "ChessBase"]
[SourceDate "2019.10.17"]
[SourceVersion "1"]
[SourceVersionDate "2019.10.17"]
[SourceQuality "1"]

1. Nf3 c5 2. c4 Nf6 3. b3 Nc6 4. g3 e5 5. Bb2 d6 6. Bg2 Be7 7. d3 0-0 8. 0-0 h6 9. Nc3 Bg4 10. h3 Be6 11. Kh2 Nh7 12. Nd5 f5 13. Nd2 Nf6 14. a3 Bxd5 15. cxd5 Nb8 16. b4 cxb4 17. axb4 Nbd7 18. Qb3 a6 19. e4 fxe4 20. dxe4 Kh8 21. Nc4 Qe8 22. Ne3 Nb6 23. f4 exf4 24. gxf4 Nh5 25. Nf5 Rxf5 26. exf5 Bh4 27. Bf3 Ng3 28. Rg1 Nxf5 29. Qd3 1-0

[Event "Feffernitz op 27th"]
[Site "Feffernitz"]
[Date "2018.08.25"]
[Round "8"]
[White "Pacher, Simon"]
[Black "Oberbichler, Robert"]
[Result "1-0"]
[WhiteElo "2136"]
[BlackElo "1924"]
[PlyCount "78"]
[EventDate "2018.08.19"]
[EventType "swiss"]
[EventRounds "9"]
[EventCountry "AUT"]
[SourceTitle "CBM 186 Extra"]
[Source "ChessBase"]
[SourceDate "2018.08.24"]
[SourceVersion "1"]
[SourceVersionDate "2018.08.24"]
[SourceQuality "1"]

1. e4 e5 2. Nf3 Nc6 3. Bb5 a6 4. Bxc6 dxc6 5. 0-0 Qd6 6. d4 exd4 7. Nxd4 Bd7 8. Be3 0-0-0 9. Nd2 Qg6 10. Kh1 Nh6 11. f3 Bc5 12. Qe2 Rhe8 13. c3 f5 14. Nxf5 Nxf5 15. Bxc5 Ng3+ 16. hxg3 Qh5+ 17. Kg1 Qxc5+ 18. Qf2 Qxf2+ 19. Rxf2 Be6 20. Nf1 Rd3 21. Rd2 Red8 22. Rxd3 Rxd3 23. Kf2 g6 24. Ke2 Rd7 25. b3 a5 26. Rd1 a4 27. Rxd7 Kxd7 28. c4 Kd6 29. Kd3 b5 30. Ne3 axb3 31. axb3 h5 32. Kd4 c5+ 33. Kd3 b4 34. f4 c6 35. g4 hxg4 36. f5 gxf5 37. exf5 Bd7 38. Ke4 Be8 39. Nxg4 Bf7 1-0

[Event "Feffernitz op 26th"]
[Site "Feffernitz"]
[Date "2017.08.27"]
[Round "9"]
[White "Oberbichler, Robert"]
[Black "Babic, Dragan"]
[Result "0-1"]
[WhiteElo "1921"]
[BlackElo "1844"]
[PlyCount "142"]
[EventDate "2017.08.20"]
[EventType "swiss"]
[EventRounds "9"]
[EventCountry "AUT"]
[SourceTitle "CBM 180 Extra"]
[Source "ChessBase"]
[SourceDate "2017.10.06"]
[SourceVersion "1"]
[SourceVersionDate "2017.10.06"]
[SourceQuality "1"]

1. e4 e5 2. Nf3 Nc6 3. Bc4 Bc5 4. c3 Nf6 5. d4 exd4 6. cxd4 Bb4+ 7. Nc3 0-0 8. e5 Ne4 9. Bd3 Nxc3 10. bxc3 Bxc3+ 11. Bd2 Bxd2+ 12. Qxd2 d6 13. 0-0 dxe5 14. d5 Ne7 15. Rfe1 Nxd5 16. Rxe5 Nf6 17. Rd1 Bg4 18. Qe3 Qc8 19. h3 Bh5 20. Re1 Bg6 21. Bc4 Re8 22. Re7 Rxe7 23. Qxe7 Qd8 24. Ng5 Qxe7 25. Rxe7 Rc8 26. Kf1 Kf8 27. Re3 h6 28. Nf3 c6 29. Ne5 Rc7 30. Rg3 Be4 31. Ra3 a6 32. f3 Bd5 33. Bd3 Nd7 34. Nc4 Nc5 35. Be2 Be6 36. Ke1 Ke7 37. Kd2 Kd8 38. Nb6 Nd7 39. Nc4 Kc8 40. Nd6+ Kb8 41. Kc3 Nb6 42. Kb2 Rd7 43. Rd3 Ka7 44. Rd2 Bd5 45. Nf5 f6 46. a3 Rc7 47. Ne3 Bf7 48. Rd4 Re7 49. Re4 Rxe4 50. fxe4 g6 51. Ng4 Nd7 52. Nxh6 Be6 53. h4 b5 54. g4 Kb6 55. h5 Ne5 56. Kc3 Kc5 57. hxg6 Nxg6 58. Nf5 a5 59. Ng7 Bf7 60. Nh5 b4+ 61. axb4+ axb4+ 62. Kb2 Kd4 63. Nxf6 Ke5 64. g5 Kf4 65. Bd3 Ne5 66. Be2 Kxg5 67. Nd5 cxd5 68. exd5 Bxd5 69. Ba6 Kf4 70. Kc2 Ke3 71. Kb2 Kd2 0-1

[Event "Feffernitz op 26th"]
[Site "Feffernitz"]
[Date "2017.08.26"]
[Round "8"]
[White "Loescher, Leon"]
[Black "Oberbichler, Robert"]
[Result "0-1"]
[WhiteElo "1693"]
[BlackElo "1921"]
[PlyCount "46"]
[EventDate "2017.08.20"]
[EventType "swiss"]
[EventRounds "9"]
[EventCountry "AUT"]
[SourceTitle "CBM 180 Extra"]
[Source "ChessBase"]
[SourceDate "2017.10.06"]
[SourceVersion "1"]
[SourceVersionDate "2017.10.06"]
[SourceQuality "1"]

1. e4 d6 2. d4 e5 3. Nc3 Nd7 4. Nf3 Ngf6 5. Bc4 Be7 6. h3 c6 7. dxe5 dxe5 8. a3 0-0 9. Be3 Qc7 10. b4 a5 11. b5 cxb5 12. Nd5 Nxd5 13. Bxd5 Nb6 14. Bxb6 Qxb6 15. Nxe5 Bf6 16. Qh5 Qc7 17. Nxf7 Rxf7 18. Rd1 Bc3+ 19. Kf1 Bf6 20. e5 g6 21. Bxf7+ Qxf7 22. Qh6 Be7 23. g4 Qf3 0-1

[Event "Feffernitz op 26th"]
[Site "Feffernitz"]
[Date "2017.08.22"]
[Round "4"]
[White "Bachlechner, Julian"]
[Black "Oberbichler, Robert"]
[Result "1-0"]
[WhiteElo "2129"]
[BlackElo "1921"]
[PlyCount "87"]
[EventDate "2017.08.20"]
[EventType "swiss"]
[EventRounds "9"]
[EventCountry "AUT"]
[SourceTitle "CBM 180 Extra"]
[Source "ChessBase"]
[SourceDate "2017.10.06"]
[SourceVersion "1"]
[SourceVersionDate "2017.10.06"]
[SourceQuality "1"]

1. d4 d5 2. c4 c6 3. Nf3 Nf6 4. Nc3 e6 5. Bg5 Nbd7 6. e3 Qa5 7. Nd2 Bb4 8. Qc2 0-0 9. Bh4 c5 10. dxc5 Bxc3 11. Qxc3 Qxc5 12. Be2 dxc4 13. Qxc4 b6 14. Bf3 Nd5 15. 0-0 Qxc4 16. Nxc4 Ba6 17. Rac1 Rac8 18. Nd6 Rc5 19. Rfd1 f6 20. Bg4 f5 21. Rxc5 Nxc5 22. Bxf5 Nxe3 23. Bxe6+ Nxe6 24. fxe3 g5 25. Bg3 Nc5 26. b4 Ne6 27. b5 Bc8 28. Nxc8 Rxc8 29. Be5 Rc2 30. a3 Nc5 31. Bb8 a5 32. bxa6 Nxa6 33. Ba7 Rc3 34. Bxb6 Rxa3 35. Rd8+ Kf7 36. Bd4 Kg6 37. g4 Ra2 38. Rg8+ Kf7 39. Rxg5 Nb4 40. Rg7+ Ke6 41. Rxh7 Kd5 42. g5 Ke4 43. g6 Kf3 44. Rf7+ 1-0

[Event "Lienz op-A 18th"]
[Site "Lienz"]
[Date "2015.02.14"]
[Round "9"]
[White "Karall, Lorenz"]
[Black "Oberbichler, Robert"]
[Result "0-1"]
[WhiteElo "1932"]
[BlackElo "1923"]
[PlyCount "66"]
[EventDate "2015.02.07"]
[EventType "swiss"]
[EventRounds "9"]
[EventCountry "AUT"]
[SourceTitle "CBM 164 Extra"]
[Source "ChessBase"]
[SourceDate "2015.03.02"]
[SourceVersion "1"]
[SourceVersionDate "2015.03.02"]
[SourceQuality "1"]

1. d4 d5 2. Nf3 Nf6 3. c4 c6 4. e3 e6 5. Bd3 dxc4 6. Bxc4 b5 7. Bd3 a6 8. 0-0 Nbd7 9. Nc3 Bb7 10. Qe2 c5 11. b3 Be7 12. Rd1 Qb6 13. Bb2 0-0 14. Rac1 Rac8 15. Bb1 h6 16. e4 cxd4 17. Nxd4 Bc5 18. Nc2 Rfd8 19. b4 Be7 20. e5 Nd5 21. Nxd5 Bxd5 22. Ne3 Rxc1 23. Rxc1 Bb7 24. a3 Nf8 25. Qg4 Bg5 26. Rc3 Rd7 27. Rd3 Rxd3 28. Bxd3 Bxe3 29. Qe2 Bd4 30. Qd2 Bxb2 31. Qxb2 Qc6 32. Bf1 Qd5 33. Qc3 Ng6 0-1

[Event "Lienz op-A 18th"]
[Site "Lienz"]
[Date "2015.02.11"]
[Round "6"]
[White "Bachlechner, Julian"]
[Black "Oberbichler, Robert"]
[Result "1-0"]
[WhiteElo "2002"]
[BlackElo "1923"]
[PlyCount "69"]
[EventDate "2015.02.07"]
[EventType "swiss"]
[EventRounds "9"]
[EventCountry "AUT"]
[SourceTitle "CBM 164 Extra"]
[Source "ChessBase"]
[SourceDate "2015.03.02"]
[SourceVersion "1"]
[SourceVersionDate "2015.03.02"]
[SourceQuality "1"]

1. d4 Nf6 2. c4 e6 3. Nf3 c5 4. Nc3 cxd4 5. Nxd4 d6 6. e4 Be7 7. Be2 a6 8. 0-0 0-0 9. Be3 Qc7 10. Rc1 b6 11. f4 Bb7 12. Bf3 Nbd7 13. b3 Nc5 14. Qc2 Rac8 15. g4 Rfd8 16. g5 Ne8 17. f5 e5 18. Nde2 Bf8 19. Ng3 Qb8 20. h4 Ba8 21. h5 b5 22. g6 Nf6 23. gxf7+ Kxf7 24. h6 bxc4 25. bxc4 Qc7 26. Nd5 Nxd5 27. cxd5 Kg8 28. Qg2 Rd7 29. f6 g6 30. Bg4 Rb8 31. Bxd7 Qxd7 32. f7+ Kh8 33. Bg5 Be7 34. Qf3 Bf6 35. Bxf6# 1-0

[Event "Lienz op-A 18th"]
[Site "Lienz"]
[Date "2015.02.08"]
[Round "3"]
[White "Oberbichler, Robert"]
[Black "Mueller, Marcus"]
[Result "0-1"]
[WhiteElo "1923"]
[BlackElo "2134"]
[PlyCount "146"]
[EventDate "2015.02.07"]
[EventType "swiss"]
[EventRounds "9"]
[EventCountry "AUT"]
[SourceTitle "CBM 164 Extra"]
[Source "ChessBase"]
[SourceDate "2015.03.02"]
[SourceVersion "1"]
[SourceVersionDate "2015.03.02"]
[SourceQuality "1"]

1. c4 g6 2. Nc3 Bg7 3. Nf3 c5 4. e4 Nc6 5. d3 e6 6. Be3 Nd4 7. Bxd4 cxd4 8. Nb5 Nh6 9. Nd6+ Kf8 10. Nxc8 Rxc8 11. h3 Qb6 12. Qd2 f6 13. Be2 Nf7 14. a3 a5 15. b4 Bh6 16. Qb2 e5 17. 0-0 Kg7 18. Nd2 axb4 19. axb4 Bxd2 20. Qxd2 d6 21. Bg4 Ra8 22. Be6 Rxa1 23. Rxa1 Nd8 24. Bd5 Nc6 25. b5 Ne7 26. Qa5 Nxd5 27. exd5 Qc5 28. Qa7 Qxa7 29. Rxa7 Rb8 30. b6 f5 31. f3 Kf6 32. g3 e4 33. fxe4 fxe4 34. dxe4 Ke5 35. Kf2 Kxe4 36. Ke2 d3+ 37. Kd2 Kd4 38. Ra3 Kxc4 39. Rxd3 Kc5 40. Kc3 Kxb6 41. Kb4 Re8 42. Rf3 Re4+ 43. Kc3 Kc5 44. Rf7 b5 45. Rxh7 Re3+ 46. Kd2 Rxg3 47. h4 Rg4 48. h5 gxh5 49. Rxh5 Rd4+ 50. Kc2 Rxd5 51. Rh8 Rg5 52. Rc8+ Kd4 53. Rb8 Kc4 54. Rc8+ Rc5 55. Rd8 d5 56. Rd7 d4 57. Rd8 b4 58. Rd7 b3+ 59. Kb2 Rh5 60. Rc7+ Kd3 61. Rd7 Rb5 62. Rd8 Rb7 63. Rh8 Re7 64. Rd8 Ke3 65. Kxb3 d3 66. Kc3 Rc7+ 67. Kb2 d2 68. Re8+ Kf2 69. Rf8+ Ke2 70. Re8+ Kd1 71. Rd8 Rb7+ 72. Kc3 Kc1 73. Ra8 d1Q 0-1

[Event "Lienz op 17th"]
[Site "Lienz"]
[Date "2013.02.12"]
[Round "5"]
[White "Bauer, Valentina"]
[Black "Oberbichler, Robert"]
[Result "1-0"]
[WhiteElo "1787"]
[BlackElo "1965"]
[PlyCount "29"]
[EventDate "2013.02.09"]
[EventType "swiss"]
[EventRounds "9"]
[EventCountry "AUT"]
[SourceTitle "CBM 152 Extra"]
[Source "ChessBase"]
[SourceDate "2013.02.25"]
[SourceVersion "1"]
[SourceVersionDate "2013.02.25"]
[SourceQuality "1"]

1. e4 e5 2. Nf3 f5 3. Nc3 fxe4 4. Nxe4 d5 5. Ng3 Nc6 6. Bb5 Bg4 7. h3 Bxf3 8. Bxc6+ bxc6 9. Qxf3 Qf6 10. Qe2 Bd6 11. 0-0 Ne7 12. d3 0-0 13. Qg4 Rab8 14. b3 Rb4 15. Qg5 1-0

[Event "Feffernitz Raika op 21st"]
[Site "Feffernitz"]
[Date "2012.08.25"]
[Round "8"]
[White "Obenaus, Thomas"]
[Black "Oberbichler, Robert"]
[Result "0-1"]
[WhiteElo "1844"]
[BlackElo "1979"]
[PlyCount "98"]
[EventDate "2012.08.19"]
[EventType "swiss"]
[EventRounds "9"]
[EventCountry "AUT"]
[SourceTitle "CBM 150 Extra"]
[Source "ChessBase"]
[SourceDate "2012.10.19"]
[SourceVersion "1"]
[SourceVersionDate "2012.10.19"]
[SourceQuality "1"]

1. e4 e5 2. Nf3 Nc6 3. Bb5 a6 4. Ba4 Nf6 5. 0-0 Nxe4 6. Bxc6 dxc6 7. Nxe5 Be6 8. d4 Be7 9. Re1 Nf6 10. Be3 Nd5 11. c3 0-0 12. Nd2 Nxe3 13. Rxe3 c5 14. Ndf3 cxd4 15. Nxd4 Bc8 16. Qf3 Bf6 17. Rd1 Qd6 18. Ng4 Bxg4 19. Qxg4 Rad8 20. Rd2 h6 21. g3 c5 22. Nf3 Qc6 23. Red3 Rxd3 24. Rxd3 Rd8 25. Rxd8+ Bxd8 26. Ne5 Qc7 27. f4 b5 28. Kf2 c4 29. Qd7 Qxd7 30. Nxd7 f5 31. Ke3 Kf7 32. Kd4 Ke7 33. Nb8 Kd6 34. Ke3 Bb6+ 35. Kf3 a5 36. Na6 Kc6 37. b4 a4 38. g4 g6 39. h4 h5 40. gxh5 gxh5 41. a3 Bd8 42. Nc5 Bf6 43. Ne6 Bxc3 44. Ke3 Bb2 45. Kd2 Bf6 46. Ke3 Kd6 47. Nd4 Bxd4+ 48. Kxd4 Kc6 49. Kc3 Kd5 0-1

[Event "Feffernitz Raika op 18th"]
[Site "Feffernitz"]
[Date "2009.08.23"]
[Round "9"]
[White "Logar, Metod"]
[Black "Oberbichler, Robert"]
[Result "1-0"]
[WhiteElo "2092"]
[BlackElo "1940"]
[PlyCount "126"]
[EventDate "2009.08.16"]
[EventType "swiss"]
[EventRounds "9"]
[EventCountry "AUT"]
[SourceTitle "CBM 131 Extra"]
[Source "ChessBase"]
[SourceDate "2009.09.03"]
[SourceVersion "2"]
[SourceVersionDate "2009.09.16"]
[SourceQuality "1"]

1. e4 e5 2. Nf3 Nc6 3. Bb5 a6 4. Ba4 Nf6 5. 0-0 Nxe4 6. d4 b5 7. Bb3 d5 8. dxe5 Be6 9. Nbd2 Nc5 10. c3 Be7 11. Nd4 Nxd4 12. cxd4 Nxb3 13. Nxb3 0-0 14. Bf4 a5 15. Rc1 a4 16. Nc5 Bxc5 17. Rxc5 Qd7 18. Qc2 Rfc8 19. Rc1 Ra7 20. h3 Rb7 21. Qc3 b4 22. Qg3 Kh8 23. Bd2 Rb5 24. Rc6 Rb7 25. b3 a3 26. Qe3 Qe7 27. f3 Bd7 28. R6c5 c6 29. Qe1 Rcb8 30. Bf4 Rc8 31. Qe3 Kg8 32. g4 h6 33. Kg2 Qe6 34. Qf2 Qg6 35. Qc2 Qe6 36. Qd3 Ra8 37. Rh1 Rab8 38. Bg3 Rb5 39. Rhc1 Rxc5 40. Rxc5 h5 41. Qd2 hxg4 42. hxg4 Rb6 43. Qg5 f6 44. exf6 Qxf6 45. Qe3 Rb7 46. Rc1 Kf7 47. Rc2 Qe6 48. Be5 Qg6 49. Rf2 Qe6 50. Kg3 Kg8 51. Qg5 Be8 52. f4 Qe7 53. Qf5 Qf7 54. Qd3 Qe6 55. Rh2 Kf8 56. f5 Qe7 57. Rh8+ Kf7 58. Rh7 Kg8 59. Rxg7+ Qxg7 60. Bxg7 Kxg7 61. Qe3 Kf8 62. Qh6+ Kg8 63. Qe6+ Bf7 1-0

[Event "Feffernitz Raika op 18th"]
[Site "Feffernitz"]
[Date "2009.08.22"]
[Round "8"]
[White "Oberbichler, Robert"]
[Black "Hartl, Daniel"]
[Result "0-1"]
[WhiteElo "1940"]
[BlackElo "2249"]
[PlyCount "90"]
[EventDate "2009.08.16"]
[EventType "swiss"]
[EventRounds "9"]
[EventCountry "AUT"]
[SourceTitle "CBM 131 Extra"]
[Source "ChessBase"]
[SourceDate "2009.09.03"]
[SourceVersion "2"]
[SourceVersionDate "2009.09.16"]
[SourceQuality "1"]

1. e4 e5 2. Nf3 Nc6 3. d3 Nf6 4. Be2 Be7 5. 0-0 0-0 6. c3 d5 7. Nbd2 a5 8. Qc2 h6 9. Re1 Bc5 10. exd5 Nxd5 11. Bf1 Bd6 12. h3 Kh8 13. Nc4 Qf6 14. Qd1 Nf4 15. Bxf4 Qxf4 16. Nxd6 cxd6 17. g3 Qf6 18. d4 Bf5 19. Bg2 Rfe8 20. d5 Ne7 21. Nd2 Ng6 22. Qf3 Ne7 23. g4 Bg6 24. Qxf6 gxf6 25. Nc4 Red8 26. Rac1 f5 27. f4 f6 28. fxe5 fxe5 29. Nxe5 dxe5 30. Rxe5 Ng8 31. gxf5 Bf7 32. c4 b6 33. b3 Rac8 34. Kf2 Kg7 35. a3 Kf6 36. Ree1 Ne7 37. b4 axb4 38. axb4 Nxf5 39. Red1 Rc7 40. c5 bxc5 41. bxc5 Re8 42. d6 Rd7 43. Bb7 Rxb7 44. c6 Rd8 45. c7 Rxc7 0-1

[Event "Feffernitz Raika op 18th"]
[Site "Feffernitz"]
[Date "2009.08.18"]
[Round "4"]
[White "Oberbichler, Robert"]
[Black "Arztmann, Wolfgang"]
[Result "1/2-1/2"]
[WhiteElo "1940"]
[BlackElo "2105"]
[PlyCount "39"]
[EventDate "2009.08.16"]
[EventType "swiss"]
[EventRounds "9"]
[EventCountry "AUT"]
[SourceTitle "CBM 131 Extra"]
[Source "ChessBase"]
[SourceDate "2009.09.03"]
[SourceVersion "2"]
[SourceVersionDate "2009.09.16"]
[SourceQuality "1"]

1. e4 e6 2. d3 d5 3. Nd2 Nf6 4. g3 Be7 5. Bg2 c5 6. Ngf3 Nc6 7. 0-0 0-0 8. c3 b5 9. Re1 a5 10. exd5 exd5 11. a4 b4 12. Nb3 Bf5 13. Be3 Qb6 14. d4 c4 15. Nc5 Rad8 16. Nh4 Bc8 17. h3 Rfe8 18. Qc2 b3 19. Qd1 h6 20. Qf3 1/2-1/2

[Event "Lienz op 15th"]
[Site "Lienz"]
[Date "2009.02.07"]
[Round "1"]
[White "Oberbichler, Robert"]
[Black "Kovacevic, Blazimir"]
[Result "0-1"]
[WhiteElo "1924"]
[BlackElo "2457"]
[PlyCount "64"]
[EventDate "2009.02.07"]
[EventType "swiss"]
[EventRounds "9"]
[EventCountry "AUT"]
[SourceTitle "CBM 128 Extra"]
[Source "ChessBase"]
[SourceDate "2009.03.05"]
[SourceVersion "2"]
[SourceVersionDate "2009.03.25"]
[SourceQuality "1"]

1. e4 e6 2. d3 c5 3. g3 Nc6 4. Bg2 g6 5. Nf3 Bg7 6. 0-0 Nge7 7. c3 e5 8. Be3 d6 9. Qd2 0-0 10. Na3 b6 11. Rfe1 Rb8 12. Nc2 f5 13. h3 Qe8 14. Nh2 Qf7 15. f4 Kh8 16. Nf3 Qg8 17. Rf1 Ba6 18. Rf2 Rbd8 19. Rd1 fxe4 20. dxe4 d5 21. Nxe5 dxe4 22. Qc1 Nxe5 23. fxe5 Bd3 24. Bg5 Rxf2 25. Kxf2 Rf8+ 26. Bf6 Bxf6 27. exf6 Rxf6+ 28. Kg1 Qxa2 29. Qg5 Qe6 30. Ne3 Nf5 31. Rxd3 exd3 32. Nd5 Rf8 0-1

[Event "Feffernitz Raika op 17th"]
[Site "Feffernitz"]
[Date "2008.08.23"]
[Round "8"]
[White "Oberbichler, Robert"]
[Black "Pongrac, Alojzija"]
[Result "1-0"]
[WhiteElo "1938"]
[BlackElo "1836"]
[PlyCount "75"]
[EventDate "2008.08.17"]
[EventType "swiss"]
[EventRounds "9"]
[EventCountry "AUT"]
[SourceTitle "CBM 126 Extra"]
[Source "ChessBase"]
[SourceDate "2008.11.05"]
[SourceVersion "1"]
[SourceVersionDate "2008.11.05"]
[SourceQuality "1"]

1. e4 b6 2. d3 Bb7 3. g3 e6 4. Bg2 d6 5. f4 Nd7 6. Nf3 Be7 7. Nbd2 Rb8 8. Qe2 a5 9. d4 Qc8 10. b3 Ngf6 11. Bb2 0-0 12. c4 d5 13. e5 Ne8 14. 0-0 Ba6 15. Qf2 dxc4 16. Nxc4 c5 17. Rac1 Qd8 18. Rfd1 Qc7 19. Ne3 Qa7 20. d5 Bc8 21. Rd2 g6 22. Rcd1 Ng7 23. Bf1 b5 24. d6 Bd8 25. Ng4 Nh5 26. Bd3 Qb6 27. Rc2 Bb7 28. Ne3 Qc6 29. Be2 Bb6 30. Rf1 Ng7 31. a3 Ba7 32. h3 Ba8 33. Kh2 Rfc8 34. Nd2 Qb6 35. Nd1 Nf5 36. Nf3 Bd5 37. Nd2 Qb7 38. Bf3 1-0